LEADER 00729nam a2200169 i 4500 001 000000000558 003 CaOOAMICUS 005 20180830125433.0 008 180830n xx u000 u und u 040 $aSeMil$bita 110 2 $aConsiglio Nazionale delle Ricerche .$0(OLS)http://semarc/name/130 245 10$aBibliografia geologica d'Italia /$cConsiglio Nazionale delle Ricerche. Comitato per la geografia, geologia e mineralogia. 260 $aNapoli :$bStab. tip. Guglielmo Genovese,$c[1957?] 300 $av. ;$c25 cm. 774 0 $tLombardia.$gVol.2$w()38628 996 $6245$aBibliografia geologica d'Italia$9(OLS)http://semarc/title/768 996 $6260$aNapoli :$bStab. tip. Guglielmo Genovese$9(OLS)http://semarc/publisher/29901 LEADER 01133nam a2200277 i 4500 001 000000068034 003 CaOOAMICUS 005 20100616000000.0 008 100616s1964 it u000 u ita u 013 $a39206 040 $aSeMil$bita 100 1 $aKardiner, Abram <1891-1981>.$0(OLS)http://semarc/name/33999 240 10$aThey studied man.$0(OLS)http://semarc/title/108548 245 13$aLo studio dell'uomo /$cAbram Kardiner, Edward Preble. 260 $aMilano :$bValentino Bompiani,$c1964. 300 $a357 p. ;$c22 cm. 490 0 $aUomo e società 650 4$aCultura.$0(OLS)http://semarc/subject/5616 650 4$aUomo - Studi.$0(OLS)http://semarc/subject/1506 650 4$aAntropologia.$0(OLS)http://semarc/subject/617 700 1 $aPreble, Edward <1922->.$0(OLS)http://semarc/name/34000 830 0$aUomo e società.$0(OLS)http://semarc/title/17730 850 $aSeMil 852 $aSeMil$W1$xVenegono$y1$m2O II 116$j34187$B34187$CSeMilBibl$Z2$F34190 $81 996 $6245$aLo studio dell'uomo$9(OLS)http://semarc/title/108547 996 $6260$aMilano :$bValentino Bompiani$9(OLS)http://semarc/publisher/32383